000
00247nam a2200121Ia 4500
008
240624s9999 xx 000 0 und d
041
_a
eng
082
_a
823 FOR
100
_a
FORSYTH FREDERICK
245
_a
ICON
260
_c
1996
365
_c
RS
999
_c
28730
_d
28730